000 00834cam a2200289 a 4500
999 _c5162
_d5162
001 16624813
003 GZU
005 20210330083921.0
008 110125s2010 enka b 001 0 eng
010 _a 2011289355
020 _a9781444117134
040 _aDLC
_cDLC
042 _apcc
050 0 0 _aRJ61
_b.MIN 2010
100 1 _aMinett, P. M.
_eauthor
245 1 0 _aChild care & development /
_cPamela Minett.
246 3 _aChild care and development
250 _a6th ed.
260 _aLondon :
_bHodder Education,
_c2010.
300 _aviii, 391 p. :
_bcol. ill. ;
_c25 cm.
504 _aIncludes bibliographical references and index.
650 0 _aChild care.
650 0 _aChild psychology.
650 0 _aChild rearing.
906 _a7
_bcbc
_corigcop
_d2
_encip
_f20
_gy-gencatlg
942 _2lcc
_cBK
_e6th ed.
_h61
_iMIN
_kRJ